Cargando...
Thakazhi: Kathayude rajashilpi
| Autor principal: | |
|---|---|
| Formato: | Printed Book |
| Publicado: |
Kottayam
Sahithya pravarthaka co-operative society ltd.
Kottayam
|
| Materias: |
| LEADER | 00459nam a22001337a 4500 | ||
|---|---|---|---|
| 020 | |a 9789383498772 | ||
| 082 | |a 920 |b BAL.T | ||
| 100 | |a Balachandran G | ||
| 245 | |a Thakazhi: Kathayude rajashilpi | ||
| 260 | |a Kottayam |b Sahithya pravarthaka co-operative society ltd. |c Kottayam | ||
| 650 | |a Biography | ||
| 942 | |c BK | ||
| 999 | |c 2692 |d 2692 | ||
| 952 | |0 0 |1 0 |4 0 |6 920_000000000000000_BAL_T |7 0 |8 NFIC |9 2699 |a CAMPUS |b CAMPUS |d 2015-03-31 |l 0 |o 920 BAL.T |p 18931 |r 2015-03-31 |w 2015-03-31 |y BK | ||